000 00940nas a2200289 4500
001 BR0204774
003 BR-BrBNA
005 20231205103245.0
007 ta
008 230509b bl.|||p| |||| 00| 00por d
040 _aBR-BrBNA
_bpor
_cBiblioteca Nacional de Agricultura
041 _a(Pt)
072 _aH60
100 1 _aPedrinho Júnior, A.F.F.
100 1 _aMartini, G.
100 1 _aDurigan, J.C.
245 1 _aControle de tiririca (Cyperus rotundus)na cultura da cana-de-açúcar, com o herbicida imazapic isolado ou em mistura com pendimethalin
650 _aCANA DE AÇÚCAR
650 _aTIRIRICA
650 _aHERBICIDA
650 _aMISTURA DE FERTILIZANTE
650 _aPÓS-EMERGÊNCIA
650 _aCONTROLE QUÍMICO
773 0 _tRevista Brasileira de Herbicidas (Brazil)
_xISSN 1517-9443
_g(Jan-Aug 2001), v. 2(1-2) p. 23-29
_wBR0204774
909 _a202311
_bLúcia
_c55
_dLúcia Elande
942 _2AGRIS
_n0
_cANA
999 _c171921
_d171921